Najväčšia a diablova jednu z najväčších kníh na svete vraj pomáhal vytvoriť Lucifer

Bibliographic Details
Main Author: Skúpa, Martina (Author)
Format: Article
Language:Slovak
PhysicalDescription:Obr.
ISSN:1210-2040
Subjects:
Online Access:www.plus7dni.sk

MARC

LEADER 00000nab a2200000 a 4500
001 vtls009145119
003 SK-MaSNL
005 20260305004918.0
008 071001 2007 xo r r 000 0 slo
015 |a SNBRB2007/10  |2 kevkjb 
038 |a KEVKJB 
040 |a KEVKJB  |b slo  |c KEVKJB  |e AACR2 
041 0 |a slo 
044 |a xo  |c SK 
080 |a 091.14  |x (437.3)  |x "12"22  |2 2001 
100 1 |a Skúpa, Martina  |4 aut  |9 593825 
245 1 0 |a Najväčšia a diablova  |b jednu z najväčších kníh na svete vraj pomáhal vytvoriť Lucifer  |c Martina Skúpa 
300 |b Obr. 
630 0 7 |a Codex Gigas  |2 kevkjb  |9 106993 
648 7 |a 13. stor.  |2 snkbucl  |9 306912 
650 0 7 |a výstavy  |2 snkbucl  |9 2780 
650 0 7 |a rukopisy  |2 kevkjb  |9 1788 
651 7 |a Praha (Česko)  |2 kevkjb  |9 19313 
773 0 |t Plus 7 dní  |g Roč. XVII, č. 39 (2007), s. 80-81  |x 1210-2040 
852 |a KEVKJB  |b KIS3GCP 
856 4 1 |u www.plus7dni.sk 
958 |a CZ 
999 |c 3238031  |d 3239961